000
00329nam a22001457a 4500
008
210322b ||||| |||| 00| 0 eng d
020
_a
0314853065
041
_a
eng
080
_a
159.9
082
_a
159.9
100
_a
48
101
_a
PSI
245
_a
Introduction to Social Psychology
_c
Tedeschi, J. T
942
_2
udc
_c
BK
999
_c
56648
_d
56648